000 00364nam a22001337a 4500
082 _a604.2
_bFRE
_cL-12, P-50
100 _aFrench, Thomas E.
_940289
245 _aGraphic science.
260 _aNew York
_bMcGraw-Hill Book Company.
_c1958
300 _a757 p.:
_bill,:
_c12 Cm
526 _a0
_b0
_c0
_d604_200000000000000_FRE
650 _aMCE
_9379
942 _2ddc
_cBK
999 _c544613
_d544613